ბათუმის შოთა რუსთაველის სახელმწიფო უნივერსიტეტის ბიბლიოთეკა

ქართულ-რუსული ლექსიკონი = Грузино-Русский словарь : (ბიბ.ჩანაწერი № 52926)

000 -ლიდერი
ფიქსირებული სიგრძის საკონტროლო ველი 01492nam a2200265Ia 4500
001 - საკონტროლო ნომერი
საკონტროლო ველი 19956
003 - საკონტროლო ნომრის იდენტიფიკატორი
საკონტროლო ველი GE_BSU
005 - ბოლო ოპერაციის თარიღი და დრო
საკონტროლო ველი 20200520224324.0
008 - ფიქსირებული სიგრძის მონაცემთა ელემენტები - ზოგადი ინფორმაცია
ფიქსირებული სიგრძის საკონტროლო ველი 181216s1950||||ge |||||||||||||| ||geo||
040 ## - კატალოგიზაციის წყარო
Transcribing agency GE_BSU
041 ## - ენის კოდი
Language code of text/sound track or separate title geo
080 ## - უნივერსალური ათობითი კლასიფიკაციის ინდექსი
Universal Decimal Classification number 81'374.822=353.1=161 ქ-27
245 ## - ცნობა სათაურის შესახებ
Title ქართულ-რუსული ლექსიკონი = Грузино-Русский словарь :
Remainder of title (დაახლოებით 16.000 სიტყვა) /
Statement of responsibility, etc შეადგინეს გ. ახვლედიანმა და ვ. თოფურიამ ; რედ. ა. მ. კობახიძე..
264 ## - წარმოების, გამოცემის, დისტრიბუციის და სხვა ცნობები
გამოცემის, წარმოების, დისტრიბუციის... ადგილი თბილისი :
გამოცემის, წარმოების, დისტრიბუციის... სახელწოდება საქართველოს სსრ სახელმწიფო გამომცემლობა,
გამოცემის, წარმოების, დისტრიბუციის... თარიღი 1950.
300 ## - ფიზიკური აღწერა
Extent 478 გვ. ;
Dimensions 22 სმ.
653 ## - INDEX TERM--UNCONTROLLED
Uncontrolled term ლექსიკონი
653 ## - INDEX TERM--UNCONTROLLED
Uncontrolled term ქართულ-რუსული ლექსიკონი
700 ## - ADDED ENTRY--PERSONAL NAME
Personal name ახვლედიანი, გ.
Relator term შემდგენელი
9 (RLIN) 2910
700 ## - ADDED ENTRY--PERSONAL NAME
Personal name თოფურია, ვ.
Relator term შედგენელი
9 (RLIN) 1040
700 ## - ADDED ENTRY--PERSONAL NAME
Personal name კობახიძე, ა.
Relator term რედაქტორი
9 (RLIN) 7209
710 ## - ADDED ENTRY--CORPORATE NAME
Corporate name or jurisdiction name as entry element საქართველოს სსრ მეცნიერებათა აკადემია
9 (RLIN) 8134
710 ## - ADDED ENTRY--CORPORATE NAME
Corporate name or jurisdiction name as entry element აკად. ნ. მარის სახელობის ენის ინსტიტუტი
9 (RLIN) 8135
942 ## - ADDED ENTRY ELEMENTS (KOHA)
Koha item type წიგნი
Source of classification or shelving scheme
ეგზემპლარები
ჩამოწერის სტატუსი დაკარგული ეგზემპლარის სტატუსი კლასიფიკაციის წყარო ან თაროზე გაწყობის სქემა დაზიანების სტატუსი არ გაიცემა მუდმივი მდებარეობა (დაცვის ადგილი) ამჟამინდელი ადგილსამყოფელი თაროზე განთავსების ადგილი შეძენის თარიღი ღირებულება, შესყიდვის ნორმალური ფასი სრული შენახვის შიფრი შტრიხკოდი ბოლო ოპერაციის თარიღი ეგზემპლარის მიმდევრობითი ნომერი (კეტერი?) ფასის ძალაში შესვლის თარიღი ეგზემპლარის სახეობა საჯარო შენიშვნა
          ბათუმის შოთა რუსთაველის სახელმწიფო უნივერსიტეტის მთავარი ბიბლიოთეკა ბათუმის შოთა რუსთაველის სახელმწიფო უნივერსიტეტის მთავარი ბიბლიოთეკა წიგნსაცავი 2018-12-17 2.00 81'374.822=353.1=161 ქ-27 52519 2018-12-17 52519 2018-12-17 წიგნი 2.00 ლ.
          ბათუმის შოთა რუსთაველის სახელმწიფო უნივერსიტეტის მთავარი ბიბლიოთეკა ბათუმის შოთა რუსთაველის სახელმწიფო უნივერსიტეტის მთავარი ბიბლიოთეკა წიგნსაცავი 2018-12-17 2.00 81'374.822=353.1=161 ქ-27 52520 2018-12-17 52520 2018-12-17 წიგნი 2.00 ლ.